Truyện ngắn hay chọn lọc
Shranjeno v:
| Glavni avtor: | |
|---|---|
| Format: | Knjiga |
| Jezik: | Undetermined |
| Izdano: |
Hà Nội
Văn học
2018
|
| Teme: | |
| Oznake: |
Označite
Brez oznak, prvi označite!
|
| Thư viện lưu trữ: | Trung tâm Học liệu Trường Đại học Cần Thơ |
|---|
| LEADER | 00605nam a2200205Ia 4500 | ||
|---|---|---|---|
| 001 | CTU_232375 | ||
| 008 | 210402s9999 xx 000 0 und d | ||
| 020 | |c 110000 | ||
| 082 | |a 895.922309 | ||
| 082 | |b H406 | ||
| 100 | |a Nguyễn, Công Hoan | ||
| 245 | 0 | |a Truyện ngắn hay chọn lọc | |
| 245 | 0 | |c Nguyễn Công Hoan | |
| 260 | |a Hà Nội | ||
| 260 | |b Văn học | ||
| 260 | |c 2018 | ||
| 650 | |a Vietnamese fiction,Truyện ngắn Việt Nam | ||
| 650 | |y 20th century,Thế kỷ 20 | ||
| 910 | |a Tuyến | ||
| 980 | |a Trung tâm Học liệu Trường Đại học Cần Thơ | ||